| 000 | 00558nam a22002177a 4500 | ||
|---|---|---|---|
| 003 | UA-OsUOA | ||
| 001 | 53134 | ||
| 007 | ta | ||
| 008 | 20080319b un ||||| |||| 00| 0 ukr d | ||
| 100 | _aГриневецький С. | ||
| 090 |
_a32 _bГ-12 |
||
| 942 | _cSA | ||
| 040 |
_aUA-OsUOA _bukr _cUA-OsUOA _dUA-OsUOA |
||
| 245 | _aЧорне море: зона стабільності чи внутрішнє море НАТО? | ||
| 300 | _aС.3-4 | ||
| 955 | _a0 | ||
| 041 | _aukr | ||
| 080 | _a32 | ||
| 773 | 0 | _w53133 | |
| 650 | 7 |
_a32 Політика _2UDC |
|
| 999 |
_c339224 _d339224 |
||